000 00576nam a2200229Ia 4500
003 OSt
005 20221005133138.0
006 a|||||r|||| 00| 0
007 ta
008 221004b |||||||| |||| 00| 0 tam d
024 _a52217
037 _cTextual
040 _aCRL
_cCRL
_btam
041 _2tam
_atam
082 _aV21:51wM92, 31K4
100 _aChelvanayakam Au.
_9640633
245 0 _aVipulanandhaarayvu
260 _c1964
650 _aHISTORY
942 _hV21:51wM92, 31K4
_cTEXL
_2cc
999 _c1065873
_d1065873